Manual de la unesco para la enseñanza de las ciencias /
Guardado en:
| Otros Autores: | |
|---|---|
| Formato: | Libro |
| Publicado: |
París :
Sudamericana,
1961
|
| Edición: | 2a. ed. |
| Materias: | |
| Etiquetas: |
Agregar Etiqueta
Sin Etiquetas, Sea el primero en etiquetar este registro!
|
| LEADER | 00638nam a22001935a 4500 | ||
|---|---|---|---|
| 001 | CEM.cems000071 | ||
| 005 | 20060209000000.0 | ||
| 008 | 130507s1961##################000#0#####d | ||
| 003 | CEMS | ||
| 082 | 0 | 4 | |a 507 |
| 245 | 0 | 0 | |a Manual de la unesco para la enseñanza de las ciencias / |c Traducido Por Alberto E. J. Fesquet |
| 250 | |a 2a. ed. | ||
| 260 | |a París : |b Sudamericana, |c 1961 | ||
| 300 | |a 256 p. | ||
| 653 | |a Didáctica de las ciencias | ||
| 653 | |a Manual ciencias | ||
| 700 | 1 | |a Fesquet, Alberto E. J. | |
| 859 | |a CEMS |b BIB. CEMS - 11 de abril |h 507 |i M319a2 |p 3721.75 |t Ej.1 | ||
| 859 | |a CEMS |b BIB. CEMS - 11 de abril |h 507 |i M319a2 |p 3882.75 |t Ej.2 | ||
